वैदिक गणित भाग - 2 ( भागाकार आणि अपूर्णाक ) (Record no. 450518)
[ view plain ]
| 000 -LEADER | |
|---|---|
| fixed length control field | 00714nam a2200157Ia 4500 |
| 008 - FIXED-LENGTH DATA ELEMENTS--GENERAL INFORMATION | |
| fixed length control field | 100204s9999 xx 000 0 und d |
| 082 ## - DEWEY DECIMAL CLASSIFICATION NUMBER | |
| Item number | 6020 |
| 100 ## - MAIN ENTRY--PERSONAL NAME | |
| Personal name | बापट ब. ग. |
| 245 ## - TITLE STATEMENT | |
| Title | वैदिक गणित भाग - 2 ( भागाकार आणि अपूर्णाक ) |
| 260 ## - PUBLICATION, DISTRIBUTION, ETC. (IMPRINT) | |
| Name of publisher, distributor, etc | "दिलीप प्रकाशन , पुणे" |
| Date of publication, distribution, etc | 1983 |
| 300 ## - PHYSICAL DESCRIPTION | |
| Extent | 126 |
| 630 ## - SUBJECT ADDED ENTRY--UNIFORM TITLE | |
| Uniform title | वैदिक गणित भाग - 2 ( भागाकार आणि अपूर्णाक ) |
| 700 ## - ADDED ENTRY--PERSONAL NAME | |
| Personal name | कुलकर्णी दिलीप |
| 730 ## - ADDED ENTRY--UNIFORM TITLE | |
| Uniform title | वैदिक गणित भाग - 2 ( भागाकार आणि अपूर्णाक ) |
| 942 ## - ADDED ENTRY ELEMENTS (KOHA) | |
| Koha item type | Book |
| Withdrawn status | Lost status | Damaged status | Not for loan | Home library | Current library | Date acquired | Cost, normal purchase price | Total Checkouts | Full call number | Barcode | Date last seen | Cost, replacement price | Price effective from | Koha item type |
|---|---|---|---|---|---|---|---|---|---|---|---|---|---|---|
| N. C. Kelkar Sarvajanik Library, Mulund | N. C. Kelkar Sarvajanik Library, Mulund | 02/04/2010 | 9.00 | 6020 | NCKMULUND-6020 | 02/04/2010 | 9.00 | 02/04/2010 | Book |